[Event "SWE-chT 1415 Superettan"]
[Site "Sweden"]
[Date "2015.01.17"]
[Round "4"]
[White "Olausson, Claes Goran"]
[Black "Alle, Ambjorn"]
[Result "0-1"]
[WhiteElo "2285"]
[BlackElo "2223"]
[PlyCount "74"]
[EventDate "2014.11.21"]
[EventType "team-tourn"]
[EventRounds "9"]
[EventCountry "SWE"]
[SourceTitle "EXT 2018"]
[Source "ChessBase"]
[SourceDate "2017.10.13"]
[SourceVersion "1"]
[SourceVersionDate "2017.10.13"]
[SourceQuality "1"]
[WhiteTeam "Manhem"]
[BlackTeam "Vaxjo"]
[WhiteTeamCountry "SWE"]
[BlackTeamCountry "SWE"]

1. Nf3 d5 2. d4 Nf6 3. c4 dxc4 4. e3 b5 5. a4 b4 6. Bxc4 e6 7. 0-0 Bb7 8. Ne5 Bd6 9. f4 0-0 10. Nd2 c5 11. Ndf3 Ne4 12. a5 a6 13. Qa4 Qc7 14. Qa2 Nc6 15. Bd3 Ne7 16. Qb1 f5 17. Qa2 Bd5 18. b3 cxd4 19. exd4 Qc3 20. Be3 Bxb3 21. Qe2 Qc8 22. Rfc1 Nc3 23. Qb2 Bd5 24. Nd2 Qd8 25. Nb3 Be4 26. Bf1 Ned5 27. Bd2 Qc7 28. g3 g5 29. Bc4 Bxe5 30. Bxd5 Bxd5 31. Bxc3 bxc3 32. Rxc3 Qa7 33. fxe5 Rab8 34. Rd1 f4 35. Qc2 Qg7 36. Rc7 Qh6 37. Rc3 f3 0-1

[Event "SWE-chT 1112"]
[Site "Sweden"]
[Date "2012.03.09"]
[Round "7"]
[White "Jonsson, Mikael"]
[Black "Olausson, Claes Goran"]
[Result "0-1"]
[WhiteElo "2340"]
[BlackElo "2269"]
[PlyCount "66"]
[EventDate "2011.10.07"]
[EventType "team-tourn"]
[EventRounds "9"]
[EventCountry "SWE"]
[SourceTitle "EXT 2013"]
[Source "ChessBase"]
[SourceDate "2012.11.22"]
[SourceVersion "1"]
[SourceVersionDate "2012.11.22"]
[SourceQuality "1"]
[WhiteTeam "Solna"]
[BlackTeam "Manhem"]
[WhiteTeamCountry "SWE"]
[BlackTeamCountry "SWE"]

1. d4 d5 2. c4 c6 3. Nf3 Nf6 4. Nc3 a6 5. e3 b5 6. b3 Bg4 7. Be2 e6 8. 0-0 Nbd7 9. Bb2 Bd6 10. h3 Bf5 11. Nh4 b4 12. Nxf5 exf5 13. Nb1 0-0 14. a3 a5 15. axb4 axb4 16. Nd2 Ne4 17. Qc2 Rc8 18. c5 Bb8 19. Nxe4 fxe4 20. Qd2 f5 21. Qxb4 Rf6 22. f4 exf3 23. Rxf3 Qc7 24. Qe1 Rg6 25. Rf4 Nf8 26. Bc3 Ne6 27. Ba5 Qe7 28. Rxf5 Ng5 29. Kh1 Nxh3 30. gxh3 Qe4+ 31. Rf3 Rf8 32. Qb1 Rxf3 33. Qxe4 Rxh3# 0-1

[Event "SWE-chT 1011"]
[Site "Sweden"]
[Date "2011.03.11"]
[Round "9"]
[White "Olausson, Claes Goran"]
[Black "Karlsson, Tomas"]
[Result "1/2-1/2"]
[WhiteElo "2274"]
[BlackElo "2242"]
[PlyCount "122"]
[EventDate "2010.10.08"]
[EventType "team-tourn"]
[EventRounds "11"]
[EventCountry "SWE"]
[SourceTitle "EXT 2012"]
[Source "ChessBase"]
[SourceDate "2011.11.24"]
[SourceVersion "1"]
[SourceVersionDate "2011.11.24"]
[SourceQuality "1"]
[WhiteTeam "Manhem"]
[BlackTeam "Solna"]
[WhiteTeamCountry "SWE"]
[BlackTeamCountry "SWE"]

1. Nf3 Nf6 2. g3 d5 3. Bg2 e6 4. 0-0 Be7 5. d4 0-0 6. c4 dxc4 7. Qc2 a6 8. Qxc4 b5 9. Qc2 Bb7 10. Bg5 Be4 11. Qb3 Bd5 12. Qe3 Nbd7 13. Nc3 Rc8 14. Nxd5 Nxd5 15. Bxe7 Qxe7 16. Qd2 c5 17. dxc5 Qxc5 18. Rac1 Qb6 19. Rfd1 Rfd8 20. Nd4 N7f6 21. Rxc8 Rxc8 22. Rc1 Rxc1+ 23. Qxc1 g6 24. e3 Qc7 25. Qxc7 Nxc7 26. Nc6 Kf8 27. Kf1 Ke8 28. Ke2 Kd7 29. Ne5+ Ke7 30. Kd3 Nfd5 31. a3 f6 32. Nc6+ Kd6 33. Na5 e5 34. h4 Nb6 35. h5 gxh5 36. Be4 h6 37. Nb7+ Ke6 38. Bg6 Nc4 39. Kc2 f5 40. Bxh5 f4 41. exf4 exf4 42. Nd8+ Kf6 43. Kc3 fxg3 44. fxg3 Nd5+ 45. Kd4 Ne7 46. a4 Nxb2 47. axb5 axb5 48. Kc5 Nd3+ 49. Kxb5 Ne5 50. Kc5 Nf5 51. g4 Ne3 52. Kd4 N3xg4 53. Bxg4 Nxg4 54. Ke4 h5 55. Kf4 Ne5 56. Nb7 Ng6+ 57. Kg3 Kg5 58. Nc5 h4+ 59. Kf3 Ne5+ 60. Kg2 Kg4 61. Ne4 h3+ 1/2-1/2

[Event "SWE-chT 0607"]
[Site "Sweden"]
[Date "2006.11.18"]
[Round "4"]
[White "Olausson, Claes Goran"]
[Black "Forsberg, Viktor"]
[Result "1-0"]
[WhiteElo "2389"]
[BlackElo "2257"]
[PlyCount "37"]
[EventDate "2006.10.20"]
[EventType "team"]
[EventRounds "11"]
[EventCountry "SWE"]
[SourceTitle "EXT 2009"]
[Source "ChessBase"]
[SourceDate "2008.11.26"]
[SourceVersion "1"]
[SourceVersionDate "2008.11.26"]
[SourceQuality "1"]
[WhiteTeam "Manhem"]
[BlackTeam "Umea Rockaden"]
[WhiteTeamCountry "SWE"]
[BlackTeamCountry "SWE"]

1. Nf3 d5 2. d4 Nf6 3. c4 e6 4. Nc3 Be7 5. Bg5 h6 6. Bxf6 Bxf6 7. e3 0-0 8. Qd2 c6 9. h4 Nd7 10. g4 Be7 11. Bd3 dxc4 12. Bxc4 e5 13. g5 exd4 14. exd4 Nb6 15. Bb3 c5 16. gxh6 cxd4 17. hxg7 Re8 18. 0-0-0 dxc3 19. Qf4 1-0

[Event "SWE-chT 0304"]
[Site "Sweden"]
[Date "2003.??.??"]
[Round "2"]
[White "Berg, Klaus"]
[Black "Olausson, Claes Goran"]
[Result "0-1"]
[WhiteElo "2489"]
[BlackElo "2375"]
[PlyCount "88"]
[EventDate "2003.10.??"]
[EventType "team"]
[EventRounds "11"]
[EventCountry "SWE"]
[SourceTitle "EXT 2005"]
[Source "ChessBase"]
[SourceDate "2004.11.15"]
[SourceVersion "1"]
[SourceVersionDate "2004.11.15"]
[SourceQuality "1"]
[WhiteTeam "Farsta"]
[BlackTeam "Manhem"]
[WhiteTeamCountry "SWE"]
[BlackTeamCountry "SWE"]

1. d4 d5 2. Bg5 h6 3. Bh4 c6 4. e3 Qb6 5. b3 e5 6. Nf3 e4 7. Nfd2 Ne7 8. Be2 Nf5 9. Bg3 Be6 10. 0-0 Nd7 11. c4 Nxg3 12. hxg3 Nf6 13. Qc2 Be7 14. Nc3 0-0 15. a3 Rac8 16. b4 Rfe8 17. Rfc1 Qd8 18. Rab1 Bd6 19. c5 Bb8 20. b5 Ng4 21. bxc6 bxc6 22. Rb7 Qf6 23. Bxg4 Bxg4 24. Rcb1 h5 25. Nf1 h4 26. gxh4 Qxh4 27. Ne2 g6 28. Neg3 Kg7 29. Qa4 Rh8 30. Qa6 Qf6 31. R1b2 Rce8 32. R7b4 Bc8 33. Qe2 Bc7 34. Ra4 a6 35. Rab4 Qh4 36. Rb7 Bxb7 37. Rxb7 Bxg3 38. fxg3 Qh1+ 39. Kf2 Re6 40. Qxa6 Rf6+ 41. Ke1 Qxg2 42. Qe2 Rxf1+ 43. Qxf1 Rh1 44. Rxf7+ Kh6 0-1

[Event "SWE-chT 0304"]
[Site "Sweden"]
[Date "2003.??.??"]
[Round "1"]
[White "Olausson, Claes Goran"]
[Black "Andersson, Ulf"]
[Result "1/2-1/2"]
[WhiteElo "2375"]
[BlackElo "2616"]
[PlyCount "29"]
[EventDate "2003.10.??"]
[EventType "team"]
[EventRounds "11"]
[EventCountry "SWE"]
[SourceTitle "EXT 2005"]
[Source "ChessBase"]
[SourceDate "2004.11.15"]
[SourceVersion "1"]
[SourceVersionDate "2004.11.15"]
[SourceQuality "1"]
[WhiteTeam "Manhem"]
[BlackTeam "Stockholm Rockaden"]
[WhiteTeamCountry "SWE"]
[BlackTeamCountry "SWE"]

1. Nf3 d5 2. d4 Nf6 3. c4 e6 4. Nc3 Nbd7 5. Bg5 Be7 6. e3 h6 7. Bh4 0-0 8. Rc1 c6 9. Bd3 dxc4 10. Bxc4 b5 11. Bd3 a6 12. 0-0 c5 13. dxc5 Nxc5 14. Bb1 Qxd1 15. Rfxd1 1/2-1/2

[Event "SWE-chT 0102"]
[Site "Sweden"]
[Date "2001.10.12"]
[Round "1"]
[White "Olausson, Claes Goran"]
[Black "Matros, Alexander"]
[Result "1/2-1/2"]
[WhiteElo "2358"]
[BlackElo "2455"]
[PlyCount "43"]
[EventDate "2001.10.12"]
[EventType "team"]
[EventRounds "11"]
[EventCountry "SWE"]
[SourceTitle "EXT 2003"]
[Source "ChessBase"]
[SourceDate "2002.11.25"]
[SourceVersion "1"]
[SourceVersionDate "2002.11.25"]
[SourceQuality "1"]
[WhiteTeam "Manhem"]
[BlackTeam "Sollentuna"]
[WhiteTeamCountry "SWE"]
[BlackTeamCountry "SWE"]

1. d4 Nf6 2. Nf3 d5 3. c4 e6 4. g3 dxc4 5. Bg2 a6 6. 0-0 Nc6 7. Nc3 Rb8 8. e4 b5 9. Bg5 Be7 10. Re1 0-0 11. Qe2 Nxd4 12. Nxd4 Qxd4 13. Rad1 Qa7 14. e5 Nd5 15. Ne4 Bxg5 16. Nxg5 h6 17. Ne4 Bb7 18. Qg4 Kh8 19. Nf6 gxf6 20. Qh5 f5 21. Qxh6+ Kg8 22. Qg5+ 1/2-1/2

[Event "Rilton Cup 30th"]
[Site "Stockholm"]
[Date "2001.01.05"]
[Round "9"]
[White "Olausson, Claes Goran"]
[Black "Skytte, Rasmus"]
[Result "1/2-1/2"]
[WhiteElo "2253"]
[BlackElo "2323"]
[PlyCount "82"]
[EventDate "2000.12.27"]
[EventType "swiss"]
[EventRounds "9"]
[EventCountry "SWE"]
[SourceTitle "CBM 079 Extra"]
[Source "ChessBase"]
[SourceDate "2001.01.11"]
[SourceVersion "2"]
[SourceVersionDate "2001.01.25"]
[SourceQuality "1"]

1. d4 Nf6 2. c4 c5 3. d5 b5 4. cxb5 a6 5. bxa6 g6 6. Nc3 Bxa6 7. e4 Bxf1 8. Kxf1 d6 9. g3 Bg7 10. Kg2 0-0 11. Nf3 Nbd7 12. Re1 Ng4 13. Qe2 Nge5 14. Nd2 Nb6 15. f4 Ned7 16. a4 Ra7 17. a5 Qa8 18. a6 Rb8 19. Nb5 Rxa6 20. Nc7 Rxa1 21. Nxa8 Rbxa8 22. Nf3 c4 23. e5 Nc5 24. Be3 Rxe1 25. Nxe1 Nxd5 26. Bxc5 dxc5 27. Kh3 e6 28. Qxc4 Bf8 29. Qb5 Rc8 30. b3 Rd8 31. Nf3 Be7 32. Qb7 Kf8 33. Ne1 Nb4 34. Qe4 Rb8 35. Nf3 Nd5 36. Nd2 Rb4 37. Qc2 Ne3 38. Qa2 Rd4 39. Ne4 Kg7 40. Qa7 Rxe4 41. Qxe7 Rb4 1/2-1/2

[Event "Excelsior Cup"]
[Site "Gothenburg"]
[Date "2001.??.??"]
[Round "8"]
[White "Aaberg, Anton"]
[Black "Olausson, Claes Goran"]
[Result "1/2-1/2"]
[WhiteElo "2300"]
[BlackElo "2253"]
[PlyCount "29"]
[EventDate "2001.01.08"]
[EventType "tourn"]
[EventRounds "9"]
[EventCountry "SWE"]
[EventCategory "7"]
[SourceTitle "CBM 081"]
[Source "ChessBase"]
[SourceDate "2001.03.20"]
[SourceVersion "1"]
[SourceVersionDate "2001.03.20"]
[SourceQuality "1"]

1. d4 Nf6 2. c4 e6 3. Nf3 b6 4. g3 Bb7 5. Bg2 Be7 6. 0-0 0-0 7. Nc3 Ne4 8. Qc2 Nxc3 9. Qxc3 f5 10. b3 Bf6 11. Bb2 Qe7 12. Ne1 Bxg2 13. Nxg2 Nc6 14. Qd2 Rae8 15. Rad1 1/2-1/2

[Event "Excelsior Cup"]
[Site "Gothenburg"]
[Date "2001.??.??"]
[Round "6"]
[White "Couso, Luis"]
[Black "Olausson, Claes Goran"]
[Result "1/2-1/2"]
[WhiteElo "2348"]
[BlackElo "2253"]
[PlyCount "84"]
[EventDate "2001.01.08"]
[EventType "tourn"]
[EventRounds "9"]
[EventCountry "SWE"]
[EventCategory "7"]
[SourceTitle "CBM 081"]
[Source "ChessBase"]
[SourceDate "2001.03.20"]
[SourceVersion "1"]
[SourceVersionDate "2001.03.20"]
[SourceQuality "1"]

1. e4 e6 2. d4 d5 3. Nc3 Nf6 4. e5 Nfd7 5. f4 c5 6. Nf3 a6 7. Be3 Qb6 8. Na4 Qa5+ 9. c3 cxd4 10. b4 Qc7 11. Qxd4 Nc6 12. Qd2 h6 13. Be2 g5 14. 0-0 gxf4 15. Bxf4 Bg7 16. Nd4 Nf8 17. Bh5 Ne7 18. Bg3 Nfg6 19. Nc5 0-0 20. Rf6 Qb6 21. Raf1 a5 22. Bxg6 Nxg6 23. Nf5 axb4 24. cxb4 Bxf6 25. Nxh6+ Kh7 26. Rxf6 Rxa2 27. Qxa2 Kxh6 28. Qd2+ Kg7 29. h4 Rh8 30. Bf2 Qc7 31. Qg5 b6 32. h5 Rxh5 33. Qxh5 bxc5 34. Bxc5 Ba6 35. Rf3 Be2 36. Rxf7+ Qxf7 37. Qxe2 Qf4 38. Qe3 Qc4 39. Qg5 Qe2 40. Qf6+ Kh7 41. Qf7+ Kh8 42. Qf2 Qe4 1/2-1/2

[Event "Excelsior Cup"]
[Site "Gothenburg"]
[Date "2001.??.??"]
[Round "7"]
[White "Olausson, Claes Goran"]
[Black "Ahlander, Bjorn"]
[Result "0-1"]
[WhiteElo "2253"]
[BlackElo "2424"]
[PlyCount "104"]
[EventDate "2001.01.08"]
[EventType "tourn"]
[EventRounds "9"]
[EventCountry "SWE"]
[EventCategory "7"]
[SourceTitle "CBM 081"]
[Source "ChessBase"]
[SourceDate "2001.03.20"]
[SourceVersion "1"]
[SourceVersionDate "2001.03.20"]
[SourceQuality "1"]

1. d4 Nf6 2. c4 e6 3. g3 Bb4+ 4. Bd2 Qe7 5. Nf3 Nc6 6. Bg2 Bxd2+ 7. Nbxd2 d6 8. 0-0 a5 9. e4 0-0 10. Rc1 e5 11. d5 Nb4 12. Qb3 Bd7 13. c5 Na6 14. cxd6 cxd6 15. Nh4 Nc5 16. Qe3 g6 17. Nc4 Bb5 18. f3 Nh5 19. Rfd1 Bxc4 20. Rxc4 b5 21. Rc2 f5 22. Qe1 b4 23. Re2 Rf7 24. Bh3 fxe4 25. fxe4 Raf8 26. Qd2 Kh8 27. Qh6 Kg8 28. Bg4 Ng7 29. Kg2 Rf6 30. Nf3 Ne8 31. Ng5 Nc7 32. Rc2 Nb5 33. Be6+ Kh8 34. Rdc1 Nd4 35. Rxc5 dxc5 36. Rxc5 Rf2+ 37. Kh3 Nf3 38. Nxf3 R2xf3 39. Rxa5 Rf2 40. Bf5 Qg7 41. Qe3 Rxb2 42. Ra7 Re2 43. Qxe2 Qxa7 44. Be6 Qf2 45. Qg4 Qf1+ 46. Kh4 Qf6+ 47. Kh3 Kg7 48. Bc8 Qf1+ 49. Kh4 Qf3 50. d6 Qxg4+ 51. Bxg4 Kf6 52. Bd1 Rd8 0-1

[Event "Excelsior Cup"]
[Site "Gothenburg"]
[Date "2001.??.??"]
[Round "9"]
[White "Olausson, Claes Goran"]
[Black "Gullaksen, Eirik Tvedt"]
[Result "1-0"]
[WhiteElo "2253"]
[BlackElo "2333"]
[PlyCount "85"]
[EventDate "2001.01.08"]
[EventType "tourn"]
[EventRounds "9"]
[EventCountry "SWE"]
[EventCategory "7"]
[SourceTitle "CBM 081"]
[Source "ChessBase"]
[SourceDate "2001.03.20"]
[SourceVersion "1"]
[SourceVersionDate "2001.03.20"]
[SourceQuality "1"]

1. d4 Nf6 2. c4 g6 3. g3 Bg7 4. Bg2 0-0 5. Nf3 d6 6. 0-0 Nc6 7. Nc3 e5 8. d5 Ne7 9. e4 Ng4 10. h3 Nh6 11. Ng5 f5 12. f4 exf4 13. Bxf4 Nf7 14. Nxf7 Rxf7 15. Qd2 Kh8 16. Rae1 Ng8 17. c5 Bd7 18. exf5 Bxf5 19. g4 Bd7 20. Ne4 dxc5 21. Ng5 Rf8 22. Bg3 Nf6 23. Be5 Kg8 24. Qc3 Ne8 25. Bxg7 Nxg7 26. Ne4 Rxf1+ 27. Bxf1 b6 28. Bc4 Kh8 29. Nf6 b5 30. Bd3 c4 31. Bc2 c6 32. d6 Be6 33. Qe5 Qb6+ 34. Kg2 Rf8 35. Rf1 Qb7 36. Be4 Rd8 37. Bxg6 Qb8 38. Nh5 Bd5+ 39. Kg1 Rg8 40. Bf7 Bxf7 41. Rxf7 Qe8 42. Re7 Qg6 43. Nxg7 1-0

[Event "SWE-chT 9900"]
[Site "Sweden"]
[Date "2000.??.??"]
[Round "7"]
[White "Olausson, Claes Goran"]
[Black "Aagaard, Jacob"]
[Result "0-1"]
[WhiteElo "2243"]
[BlackElo "2403"]
[PlyCount "80"]
[EventDate "1999.11.??"]
[EventType "team"]
[EventRounds "11"]
[EventCountry "SWE"]
[SourceTitle "EXT 2002"]
[Source "ChessBase"]
[SourceDate "2001.11.25"]
[SourceVersion "1"]
[SourceVersionDate "2001.11.25"]
[SourceQuality "1"]

1. d4 Nf6 2. Nf3 g6 3. c4 Bg7 4. g3 0-0 5. Bg2 d6 6. 0-0 c6 7. Nc3 Qa5 8. Qc2 e5 9. dxe5 dxe5 10. Bd2 Re8 11. Rfd1 Qc7 12. Rac1 Na6 13. h3 e4 14. Bf4 Qa5 15. Nd2 e3 16. Bxe3 Qh5 17. g4 Bxg4 18. hxg4 Nxg4 19. Bf4 Nxf2 20. Kxf2 Qh4+ 21. Kf1 Qxf4+ 22. Nf3 Re3 23. Qd2 Rae8 24. Kg1 Nc5 25. Qd6 Qxd6 26. Rxd6 Bxc3 27. bxc3 Rxe2 28. Rf1 Rxa2 29. Ng5 f5 30. Rfd1 Kg7 31. Nf3 Re3 32. Re1 Rxe1+ 33. Nxe1 Ra1 34. Kf2 Rc1 35. Rd8 Rxc3 36. Bf1 Kf6 37. Nd3 Rxc4 38. Nxc5 Rxc5 39. Rd7 b5 40. Rxa7 h5 0-1

[Event "Manhem op"]
[Site "Manhem"]
[Date "1999.??.??"]
[Round "?"]
[White "Christensen, Tobias"]
[Black "Olausson, Claes Goran"]
[Result "0-1"]
[WhiteElo "2370"]
[BlackElo "2243"]
[PlyCount "78"]
[EventDate "1999.??.??"]
[EventType "swiss"]
[EventRounds "7"]
[EventCountry "SWE"]
[SourceTitle "EXT 2002"]
[Source "ChessBase"]
[SourceDate "2001.11.25"]
[SourceVersion "1"]
[SourceVersionDate "2001.11.25"]
[SourceQuality "1"]

1. c4 c6 2. e4 d5 3. exd5 cxd5 4. cxd5 Nf6 5. Nc3 Nxd5 6. Bc4 e6 7. Nge2 Nb6 8. Bb3 Nc6 9. d4 Be7 10. 0-0 0-0 11. Be3 Nb4 12. Nf4 Bd7 13. Rc1 Bc6 14. Qh5 g6 15. Qh3 N4d5 16. Nd3 Bf6 17. Ne4 Bb5 18. Rfd1 Nxe3 19. Nxf6+ Qxf6 20. fxe3 Rac8 21. Rxc8 Rxc8 22. Nc5 Bc4 23. Bxc4 Nxc4 24. b3 Nd6 25. Rf1 Qg5 26. Nxe6 fxe6 27. Qxe6+ Kg7 28. h4 Qd8 29. e4 Rc7 30. d5 Nf7 31. h5 Qe7 32. Qg4 Ne5 33. Qf4 gxh5 34. Qg3+ Kh8 35. Rf5 Rc1+ 36. Rf1 Qc5+ 37. Kh2 Ng4+ 38. Kh3 Rxf1 39. Qb8+ Rf8 0-1

[Event "Manhem op"]
[Site "Manhem"]
[Date "1999.??.??"]
[Round "?"]
[White "Grabliauskas, Virginijus"]
[Black "Olausson, Claes Goran"]
[Result "1-0"]
[WhiteElo "2455"]
[BlackElo "2243"]
[PlyCount "57"]
[EventDate "1999.??.??"]
[EventType "swiss"]
[EventRounds "7"]
[EventCountry "SWE"]
[SourceTitle "EXT 2002"]
[Source "ChessBase"]
[SourceDate "2001.11.25"]
[SourceVersion "1"]
[SourceVersionDate "2001.11.25"]
[SourceQuality "1"]

1. d4 Nf6 2. Nf3 d5 3. c4 c6 4. e3 a6 5. Nbd2 Bf5 6. Be2 e6 7. Nh4 Be4 8. 0-0 Bd6 9. c5 Bc7 10. Qb3 Ra7 11. Qc3 Nbd7 12. b4 Ng4 13. Bxg4 Qxh4 14. h3 Nf6 15. Nxe4 Nxe4 16. Qc2 h5 17. Be2 Rh6 18. Bd3 f5 19. a4 Rg6 20. Kh1 Ng5 21. Bxf5 exf5 22. Qxf5 Qe4 23. Qc8+ Bd8 24. f3 Qc2 25. Rg1 Qf2 26. Qf5 Rh6 27. e4 Qh4 28. exd5 b5 29. Bxg5 1-0

[Event "SWE-chT 9900"]
[Site "Sweden"]
[Date "1999.??.??"]
[Round "1"]
[White "Olausson, Claes Goran"]
[Black "Berg, Klaus"]
[Result "0-1"]
[WhiteElo "2243"]
[BlackElo "2419"]
[PlyCount "86"]
[EventDate "1999.11.??"]
[EventType "team"]
[EventRounds "11"]
[EventCountry "SWE"]
[SourceTitle "EXT 2002"]
[Source "ChessBase"]
[SourceDate "2001.11.25"]
[SourceVersion "1"]
[SourceVersionDate "2001.11.25"]
[SourceQuality "1"]

1. d4 Nf6 2. Nf3 c5 3. d5 g6 4. Nc3 Bg7 5. e4 0-0 6. Be2 b5 7. e5 Ng4 8. Bf4 b4 9. Ne4 d6 10. exd6 exd6 11. h3 Nf6 12. Nxd6 Nbd7 13. 0-0 Nb6 14. Be5 Nfxd5 15. Bxg7 Kxg7 16. Nxc8 Rxc8 17. a3 a5 18. axb4 axb4 19. Ra6 Ra8 20. Rxa8 Qxa8 21. Qc1 Qc6 22. Re1 Qf6 23. Bb5 Ra8 24. Re5 Ra5 25. Bf1 Nf4 26. Qe3 Ra1 27. Re8 Nd7 28. Re7 Nf8 29. Re5 N8e6 30. c3 h6 31. Ne1 Qd8 32. g3 Nh5 33. Bc4 Ng5 34. Kg2 Qd7 35. g4 Nf6 36. Nd3 Qc6+ 37. f3 Nxf3 38. Kf2 Nxe5 39. Nxe5 Qh1 40. Nf3 Qxh3 41. Qe7 Nxg4+ 42. Ke2 Qg2+ 43. Kd3 Qxf3+ 0-1

[Event "SWE-chT 9899"]
[Site "Sweden"]
[Date "1999.??.??"]
[Round "8"]
[White "Olausson, Claes Goran"]
[Black "Borvander, Tom"]
[Result "1-0"]
[WhiteElo "2283"]
[BlackElo "2171"]
[PlyCount "78"]
[EventDate "1998.??.??"]
[EventType "team"]
[EventRounds "11"]
[EventCountry "SWE"]
[SourceTitle "EXT 2000"]
[Source "ChessBase"]
[SourceDate "1999.11.16"]
[SourceVersion "1"]
[SourceVersionDate "1999.11.16"]
[SourceQuality "1"]

1. Nf3 Nf6 2. d4 g6 3. c4 Bg7 4. g3 0-0 5. Bg2 c5 6. 0-0 cxd4 7. Nxd4 Nc6 8. Nc3 Qb6 9. Nb3 d6 10. Bg5 h6 11. Bxf6 exf6 12. Nd5 Qd8 13. Qd2 Ne5 14. Rac1 Be6 15. Nd4 Rc8 16. b3 f5 17. Nf4 Bd7 18. Bxb7 Rb8 19. Bg2 a5 20. Nd5 Re8 21. Rfd1 h5 22. Nf4 a4 23. b4 Qb6 24. Nd5 Qa7 25. Nb5 Bxb5 26. cxb5 Ng4 27. e3 Rb7 28. h3 Ne5 29. b6 Qb8 30. Qe2 Rxb6 31. Nxb6 Qxb6 32. b5 Bf8 33. Rc3 Rb8 34. Bc6 Qa5 35. Rc2 Rd8 36. Qd2 Qc7 37. Bd5 Qa7 38. Rb1 Nd7 39. Rc6 Nb6 1-0

[Event "SWE-chT 9900"]
[Site "Sweden"]
[Date "1999.??.??"]
[Round "5"]
[White "Olausson, Claes Goran"]
[Black "Cramling, Dan"]
[Result "1-0"]
[WhiteElo "2243"]
[BlackElo "2425"]
[PlyCount "65"]
[EventDate "1999.11.??"]
[EventType "team"]
[EventRounds "11"]
[EventCountry "SWE"]
[SourceTitle "EXT 2002"]
[Source "ChessBase"]
[SourceDate "2001.11.25"]
[SourceVersion "1"]
[SourceVersionDate "2001.11.25"]
[SourceQuality "1"]

1. d4 Nf6 2. Nf3 c5 3. d5 b5 4. Bg5 d6 5. Bxf6 exf6 6. e3 a6 7. a4 b4 8. Nbd2 Nd7 9. Nc4 Bb7 10. a5 f5 11. Be2 Be7 12. 0-0 Rb8 13. Qd3 g6 14. Rfd1 0-0 15. h3 h5 16. Nfd2 h4 17. Nf3 Re8 18. Re1 Qc7 19. c3 Ba8 20. Bd1 Red8 21. e4 fxe4 22. Qxe4 Bf6 23. Re3 Bg7 24. Ba4 Re8 25. Qd3 Rxe3 26. fxe3 Bb7 27. Rf1 Re8 28. Rf2 Re7 29. Bc2 Ne5 30. Ncxe5 Bxe5 31. Ng5 Bf6 32. Nxf7 Rxf7 33. Qxg6+ 1-0

[Event "Gothenburg-ch"]
[Site "Gothenburg"]
[Date "1998.04.19"]
[Round "9"]
[White "Akesson, Joel"]
[Black "Olausson, Claes Goran"]
[Result "1/2-1/2"]
[WhiteElo "2290"]
[BlackElo "2255"]
[PlyCount "79"]
[EventDate "1998.02.??"]
[EventType "tourn"]
[EventRounds "9"]
[EventCountry "SWE"]
[EventCategory "3"]
[SourceTitle "EXT 2006"]
[Source "ChessBase"]
[SourceDate "2005.11.24"]
[SourceVersion "1"]
[SourceVersionDate "2005.11.24"]
[SourceQuality "1"]

1. d4 d5 2. c4 c6 3. Nc3 Nf6 4. e3 a6 5. Nf3 Bg4 6. cxd5 cxd5 7. Qb3 Ra7 8. Ne5 Bc8 9. Bd2 e6 10. Rc1 Be7 11. Qa4+ Nc6 12. Bd3 Bd7 13. Nxd7 Nxd7 14. 0-0 0-0 15. Qd1 f5 16. Ne2 Bd6 17. Nf4 Rf6 18. Qf3 Rh6 19. g3 Ne7 20. Be2 g5 21. Nd3 Nf6 22. Qg2 Nc6 23. f4 Ne4 24. Be1 g4 25. b4 Ne7 26. Nc5 Rf6 27. Bf2 Qe8 28. Rc2 a5 29. b5 b6 30. Na4 Qd8 31. Rfc1 Ba3 32. Ra1 Rc7 33. Bd3 Nc8 34. Be1 Rff7 35. Qe2 Ncd6 36. Rb1 Nc8 37. Rb3 Rxc2 38. Qxc2 Rc7 39. Qe2 Qe7 40. Bxe4 1/2-1/2

[Event "Gothenburg-ch"]
[Site "Gothenburg"]
[Date "1998.02.21"]
[Round "2"]
[White "Olausson, Claes Goran"]
[Black "Hultin, Johan"]
[Result "1/2-1/2"]
[WhiteElo "2255"]
[BlackElo "2355"]
[PlyCount "71"]
[EventDate "1998.02.??"]
[EventType "tourn"]
[EventRounds "9"]
[EventCountry "SWE"]
[EventCategory "3"]
[SourceTitle "EXT 2006"]
[Source "ChessBase"]
[SourceDate "2005.11.24"]
[SourceVersion "1"]
[SourceVersionDate "2005.11.24"]
[SourceQuality "1"]

1. d4 d5 2. c4 c6 3. Nc3 dxc4 4. e4 b5 5. a4 b4 6. Na2 Nf6 7. e5 Nd5 8. Bxc4 e6 9. Nf3 Be7 10. 0-0 0-0 11. Re1 Bb7 12. Qe2 Nd7 13. Bd2 a5 14. Nc1 c5 15. Nb3 cxd4 16. Nbxd4 Nc5 17. Nb3 Nb6 18. Nxc5 Bxc5 19. Bd3 h6 20. Red1 Qe7 21. Be3 Rac8 22. Bb5 Bxe3 23. Qxe3 Bxf3 24. Qxf3 Rc5 25. Qe3 Rfc8 26. Rac1 Nd5 27. Rxc5 Qxc5 28. Qxc5 Rxc5 29. g3 g5 30. Rd2 Kg7 31. Re2 b3 32. Kf1 Rc1+ 33. Re1 Rc2 34. Re2 Rc1+ 35. Re1 Rc2 36. Re2 1/2-1/2

[Event "Manhem op"]
[Site "Manhem"]
[Date "1998.??.??"]
[Round "4"]
[White "Akesson, Joel"]
[Black "Olausson, Claes Goran"]
[Result "1/2-1/2"]
[WhiteElo "2290"]
[BlackElo "2255"]
[PlyCount "28"]
[EventDate "1998.??.??"]
[EventType "swiss"]
[EventRounds "9"]
[EventCountry "SWE"]
[SourceTitle "EXT 2001"]
[Source "ChessBase"]
[SourceDate "2000.11.22"]
[SourceVersion "1"]
[SourceVersionDate "2000.11.22"]
[SourceQuality "1"]

1. d4 d5 2. c4 c6 3. Nc3 Nf6 4. e3 a6 5. Bd3 b5 6. b3 Bg4 7. Nge2 Bh5 8. 0-0 Nbd7 9. f3 Bg6 10. Nf4 Bxd3 11. Qxd3 e6 12. a4 bxc4 13. bxc4 Bd6 14. Ba3 Bxa3 1/2-1/2